[Event "Ukraine Men`s Final - 2015					"]
[Site "Lviv"]
[Date "2015.12.14"]
[Round "11.4"]
[White "Sivuk, Vitaly"]
[Black "Areshchenko, Alexander"]
[Result "1/2-1/2"]
[WhiteElo "2552"]
[BlackElo "2677"]
[PlyCount "84"]
[EventDate "2015.12.03"]

1. d4 Nf6 2. c4 g6 3. Nc3 d5 4. Nf3 Bg7 5. Qb3 dxc4 6. Qxc4 O-O 7. e4 a6 8. Be2
b5 9. Qb3 c5 10. dxc5 Be6 11. Qc2 Nbd7 12. Be3 Rc8 13. Rd1 b4 14. Nd5 Bxd5 15.
exd5 Nxc5 16. O-O Nce4 17. Qd3 Qd6 18. g3 Rfd8 19. Bf4 Qxd5 20. Qxa6 Qa8 21.
Qxa8 Rxa8 22. Rxd8+ Rxd8 23. Rd1 Rxd1+ 24. Bxd1 Nd5 25. Be5 Nc5 26. Bc2 Nb6 27.
Bxg7 Kxg7 28. Ne5 Kf6 29. Nc6 Nd5 30. Kf1 e5 31. Ke2 Ke6 32. Bd3 Kd6 33. Na5 f5
34. Kd2 e4 35. Bc4 g5 36. Nb3 Nb6 37. Bg8 Nd3 38. Bxh7 Nc4+ 39. Ke2 Ke5 40. f3
Ncxb2 41. fxe4 fxe4 42. Na5 Nc1+ 1/2-1/2

[Event "Ukraine Men`s Final - 2015					"]
[Site "Lviv"]
[Date "2015.12.14"]
[Round "11.5"]
[White "Fedorchuk, Sergey A"]
[Black "Efimenko, Zahar"]
[Result "1/2-1/2"]
[WhiteElo "2641"]
[BlackElo "2647"]
[PlyCount "25"]
[EventDate "2015.12.03"]

1. e4 e5 2. Nf3 Nc6 3. Bb5 a6 4. Ba4 Nf6 5. O-O Be7 6. d3 d6 7. c3 O-O 8. Re1
Re8 9. Nbd2 b5 10. Bc2 Bb7 11. Nf1 Nb8 12. d4 Nbd7 13. Ng3 1/2-1/2

[Event "Ukraine Men`s Final - 2015					"]
[Site "Lviv"]
[Date "2015.12.14"]
[Round "11.6"]
[White "Neverov, Valeriy"]
[Black "Kovchan, Alexander"]
[Result "0-1"]
[WhiteElo "2516"]
[BlackElo "2583"]
[PlyCount "90"]
[EventDate "2015.12.03"]

1. Nf3 c5 2. b3 d6 3. c4 e5 4. Nc3 f5 5. e3 Nf6 6. Be2 g6 7. O-O Bg7 8. d4 cxd4
9. exd4 e4 10. Ne1 O-O 11. Nc2 h6 12. f3 Nc6 13. Ba3 Re8 14. f4 Ng4 15. Nb5 Bf8
16. h3 Nf6 17. d5 a6 18. Nc3 Ne7 19. Qd2 Kh7 20. Ne3 h5 21. g3 Neg8 22. Bb2 Nh6
23. b4 h4 24. gxh4 Nh5 25. Bxh5 gxh5 26. Ne2 Qxh4 27. Rf2 Nf7 28. Rg2 Bh6 29.
Rf1 Bd7 30. Rff2 Rg8 31. Kh2 Raf8 32. Qd4 Ng5 33. fxg5 Bxg5 34. Kg1 Kh6 35. Qb6
Rg6 36. Ng3 Qxh3 37. Nef1 h4 38. Rh2 Qg4 39. Rfg2 Rfg8 40. Ne2 Qxe2 41. Bc1
Bxc1 42. Rxh4+ Kg7 43. Rxg6+ Kxg6 44. Qxd6+ Kf7+ 45. Ng3 Be3+ 0-1